| 000 | 00912nam a22002657a 4500 | ||
|---|---|---|---|
| 005 | 20220308093030.0 | ||
| 008 | 220307s1996 caua|||gr|||| 00| 0 eng d | ||
| 020 | _a0716726041 (6a.Ed.) | ||
| 020 | _a0716722852 (5a.Ed.) | ||
| 020 | _a0716719568 (4a.Ed.) | ||
| 020 | _a0716712636 (2a.Ed.) | ||
| 040 |
_aCO-BoUCM _bspa _cDeissy Garcia _dDeissy Garcia |
||
| 041 | 0 | _aeng | |
| 060 | _aQH 430 | ||
| 100 |
_9125294 _aSuzuki, David _d1936- |
||
| 245 | 1 | 3 |
_aAn introduction to genetic analysis _cDavid T. Suzuki, Anthony J. F. Griffiths, Richard C. Lewontin |
| 250 | _a6a.Ed. | ||
| 260 |
_aSan Francisco _bW. H. Freeman _c1996 |
||
| 300 |
_a916 páginas _bilustraciones |
||
| 504 | _aIncluye referencias bibliográficas e índices | ||
| 650 | 7 |
_9207 _aGenética |
|
| 700 | 1 |
_aGriffiths, Anthony J. F. _976451 |
|
| 700 | 1 |
_aLewontin, Richard C. _9146264 |
|
| 942 |
_2NLM _a25 _cLIBRO _e6 _hQH 430 _mS968i _n0 |
||
| 999 |
_c320756 _d320756 |
||